| 000 | 00616nam a2200217Ia 4500 | ||
|---|---|---|---|
| 001 | 13968 | ||
| 003 | GE_BSU | ||
| 008 | 181216s||||||||xx |||||||||||||| ||und|| | ||
| 040 | _cGE_BSU | ||
| 080 | _a544(075.8) | ||
| 100 | _aПетров,В.М. | ||
| 245 | _aОсновы физической химий. | ||
| 245 | _bУчеб. пособие для вузов. | ||
| 245 | _cРед. Г.С.Гольденберг. | ||
| 260 | _aМ. | ||
| 260 | _bВысш. школа. | ||
| 260 | _c1981. | ||
| 300 | _a456 стр. с илл. 22 см. | ||
| 653 | _aОсновы физической химий. | ||
| 942 | _cBK | ||
| 999 |
_c47110 _d47110 |
||